[Event "2016 Alberta Seniors"]
[Site "Calgary"]
[Date "2016.04.23"]
[Round "1.1"]
[White "Peter, Steven"]
[Black "Knoll, Frank"]
[Result "1-0"]
[WhiteElo "2229"]
[BlackElo "1657"]
[PlyCount "49"]
[EventDate "2016.04.23"]
[EventType "swiss"]
[EventRounds "5"]
[EventCountry "CAN"]

1. c4 c5 2. Nc3 Nc6 3. g3 Nf6 4. Bg2 g6 5. a3 e6 6. Nf3 Bg7 7. O-O O-O 8. b4
cxb4 9. axb4 d5 10. Ba3 dxc4 11. b5 Ne7 12. Qa4 Qc7 13. b6 Qd8 14. bxa7 Bd7 15.
Qxc4 Nfd5 16. Qb3 Re8 17. Qxb7 Bc6 18. Qa6 Qd7 19. Bc5 Nxc3 20. dxc3 Bxc3 21.
Rac1 Bf6 22. Bxe7 Bb5 23. Qb6 Bxe7 24. Ne5 Bd6 25. Nxd7 1-0

[Event "2016 Alberta Seniors"]
[Site "Calgary"]
[Date "2016.04.23"]
[Round "1.2"]
[White "Sklenka, Steve"]
[Black "Booker, Brad"]
[Result "0-1"]
[WhiteElo "1641"]
[BlackElo "2088"]
[PlyCount "32"]
[EventDate "2016.04.23"]
[EventType "swiss"]
[EventRounds "5"]
[EventCountry "CAN"]

1. e4 c6 2. d4 d5 3. Nc3 dxe4 4. Nxe4 Nf6 5. Nxf6+ exf6 6. Nf3 Bd6 7. Bd3 O-O
8. O-O Bg4 9. h3 Bh5 10. Re1 Nd7 11. c4 Rc8 12. Qc2 Bxf3 13. Bxh7+ Kh8 14. gxf3
g6 15. Bxg6 fxg6 16. Qxg6 Rg8 0-1

[Event "2016 Alberta Seniors"]
[Site "Calgary"]
[Date "2016.04.23"]
[Round "1.3"]
[White "Daniluk, Jim"]
[Black "Viminitz, Paul"]
[Result "1-0"]
[WhiteElo "1927"]
[BlackElo "1526"]
[PlyCount "47"]
[EventDate "2016.04.23"]
[EventType "swiss"]
[EventRounds "5"]
[EventCountry "CAN"]

1. d4 Nf6 2. Nf3 b6 3. g3 Bb7 4. Bg2 g6 5. O-O Bg7 6. c4 O-O 7. Nc3 d6 8. Qc2
Nbd7 9. Bf4 Re8 10. Rad1 c6 11. e4 Qc7 12. Bc1 b5 13. e5 dxe5 14. dxe5 Ng4 15.
e6 fxe6 16. Ng5 Nf8 17. Bh3 h5 18. Bxg4 hxg4 19. Qe4 Bc8 20. cxb5 Bd7 21. Qxg4
Bxc3 22. bxc3 cxb5 23. Qf3 Kh8 24. Rd4 1-0

[Event "2016 Alberta Seniors"]
[Site "Calgary"]
[Date "2016.04.23"]
[Round "1.4"]
[White "Scholz, Mike"]
[Black "Bentley, Bill"]
[Result "0-1"]
[WhiteElo "1444"]
[BlackElo "1886"]
[PlyCount "84"]
[EventDate "2016.04.23"]
[EventType "swiss"]
[EventRounds "5"]
[EventCountry "CAN"]

1. e4 e6 2. Be2 d5 3. exd5 exd5 4. Bf3 Nf6 5. d3 Bd6 6. Be3 O-O 7. c3 c5 8. Ne2
Nc6 9. d4 c4 10. O-O Qc7 11. Ng3 Be6 12. Nd2 Ne7 13. Bg5 Nd7 14. Bxe7 Bxe7 15.
Qe2 Nf6 16. Nh5 Nxh5 17. Bxh5 Bd6 18. g3 Rae8 19. Qf3 Qd7 20. Qh1 Be7 21. Rfd1
b5 22. Nf1 a5 23. Be2 b4 24. Qf3 Rb8 25. Qe3 Rb7 26. Qd2 Rfb8 27. Rdc1 h6 28.
Ne3 bxc3 29. bxc3 Rb2 30. Qd1 a4 31. Rc2 a3 32. Rac1 Bd8 33. Qe1 Ba5 34. Nd1
R2b6 35. Bf3 Bf5 36. Qd2 Bd3 37. Qf4 Re8 38. Ne3 g5 39. Qg4 f5 40. Bxd5+ Qxd5
41. Nxd5 fxg4 42. Nxb6 Bxb6 0-1

[Event "2016 Alberta Seniors"]
[Site "Calgary"]
[Date "2016.04.23"]
[Round "1.5"]
[White "Usselman, Paul"]
[Black "Berndtsson, Kurt"]
[Result "1-0"]
[WhiteElo "1865"]
[BlackElo "1298"]
[PlyCount "67"]
[EventDate "2016.04.23"]
[EventType "swiss"]
[EventRounds "5"]
[EventCountry "CAN"]

1. d4 Nf6 2. Nf3 e6 3. g3 g6 4. Bg2 Bg7 5. O-O O-O 6. c4 d6 7. Nc3 c6 8. e4
Nbd7 9. Bf4 Qc7 10. c5 e5 11. cxd6 Qa5 12. dxe5 Nh5 13. Bd2 Nxe5 14. Nd5 Qd8
15. Ne7+ Kh8 16. Nxe5 Qxd6 17. Nxc8 Raxc8 18. Bc3 Rcd8 19. Qxd6 Rxd6 20. Rad1
Re6 21. f4 Kg8 22. Rd7 f6 23. Nd3 Rf7 24. Rxf7 Kxf7 25. g4 Nxf4 26. Rxf4 b6 27.
g5 f5 28. exf5 Rd6 29. fxg6+ Kxg6 30. Be4+ Kxg5 31. Bxg7 Rxd3 32. Rf5+ Kg6 33.
Bxd3 Kxg7 34. b4 1-0

[Event "2016 Alberta Seniors"]
[Site "Calgary"]
[Date "2016.04.23"]
[Round "1.6"]
[White "Labute, Gerard"]
[Black "Aspler, Gerald"]
[Result "0-1"]
[WhiteElo "1107"]
[BlackElo "1855"]
[PlyCount "74"]
[EventDate "2016.04.23"]
[EventType "swiss"]
[EventRounds "5"]
[EventCountry "CAN"]

1. Nf3 g6 2. g3 Bg7 3. Bg2 c5 4. O-O Nc6 5. e3 d6 6. c3 Bd7 7. d4 cxd4 8. cxd4
Nf6 9. Nc3 O-O 10. a3 Rc8 11. Re1 Qb6 12. Rb1 Rfe8 13. Na4 Qc7 14. b4 b5 15.
Nc3 Nxd4 16. exd4 Qxc3 17. Bb2 Qc7 18. Rc1 Qb8 19. Qd3 Bc6 20. Qe3 h6 21. Qd2
Bd5 22. Nh4 Bxg2 23. Nxg2 Nd7 24. Nf4 Nb6 25. Qe2 Nc4 26. Red1 e5 27. dxe5 Nxb2
28. Qxb2 Bxe5 29. Qd2 Kg7 30. Ne2 Qb6 31. Kf1 Qb7 32. Kg1 Qf3 33. Nd4 Qb7 34.
f4 Bf6 35. Qd3 Qb6 36. Kf1 Rxc1 37. Rxc1 Qxd4 0-1

[Event "2016 Alberta Seniors"]
[Site "Calgary"]
[Date "2016.04.23"]
[Round "1.7"]
[White "Milne, Arthur"]
[Black "Stacey, George"]
[Result "1-0"]
[WhiteElo "1759"]
[BlackElo "969"]
[PlyCount "83"]
[EventDate "2016.04.23"]
[EventType "swiss"]
[EventRounds "5"]
[EventCountry "CAN"]

1. Nf3 Nf6 2. c4 d6 3. g3 e5 4. d3 Nbd7 5. Bg2 c6 6. O-O Be7 7. Nc3 O-O 8. Rb1
Re8 9. b4 Qc7 10. a4 d5 11. cxd5 cxd5 12. Qb3 d4 13. Nb5 Qb8 14. Ng5 Rf8 15.
Bd2 a6 16. Na3 h6 17. Ne4 Ra7 18. Rfc1 b6 19. Nxf6+ Nxf6 20. b5 a5 21. Nc4 Be6
22. Bc6 Bd5 23. Bxd5 Nxd5 24. Nxa5 bxa5 25. Qxd5 Rd8 26. Qc6 Kf8 27. b6 Rb7 28.
Bxa5 Bg5 29. Rc2 Be7 30. Bb4 Bxb4 31. Rxb4 Kg8 32. a5 Re7 33. a6 Qd6 34. Qxd6
Rxd6 35. b7 Rxa6 36. b8=Q+ Kh7 37. Qf8 Ra1+ 38. Kg2 Rea7 39. Rb8 R1a6 40. h4
Kg6 41. h5+ Kf6 42. Qd8+ 1-0

[Event "2016 Alberta Seniors"]
[Site "Calgary"]
[Date "2016.04.23"]
[Round "2.1"]
[White "Bentley, Bill"]
[Black "Peter, Steven"]
[Result "0-1"]
[WhiteElo "1886"]
[BlackElo "2229"]
[PlyCount "98"]
[EventDate "2016.04.23"]
[EventType "swiss"]
[EventRounds "5"]
[EventCountry "CAN"]

1. d4 Nf6 2. Nf3 e6 3. e3 d5 4. Bd3 c5 5. b3 Nc6 6. O-O Bd6 7. Bb2 O-O 8. Nbd2
b6 9. g3 Bb7 10. Ne5 cxd4 11. exd4 Qc7 12. f4 Ne7 13. Qf3 Rac8 14. Rae1 Ne4 15.
Nxe4 dxe4 16. Bxe4 Bxe4 17. Qxe4 Qxc2 18. Qxc2 Rxc2 19. Rf2 Rfc8 20. a3 b5 21.
Ree2 R2c7 22. Nd3 a5 23. b4 axb4 24. Nxb4 Bxb4 25. axb4 g6 26. g4 Rd7 27. Rc2
Rc4 28. Rxc4 bxc4 29. b5 Nd5 30. f5 Rb7 31. fxe6 fxe6 32. Ba3 Rxb5 33. Rf8+ Kg7
34. Rc8 Rb3 35. Bf8+ Kf7 36. Bd6 c3 37. g5 Rb2 38. Rf8+ Kg7 39. Rf1 c2 40. Ba3
Rb1 41. Kf2 Nb4 42. Ke2 Rxf1 43. Kxf1 Na2 44. Kf2 c1=Q 45. Bxc1 Nxc1 46. Ke3
Na2 47. Ke4 Kf7 48. Ke5 Nb4 49. h4 Ke7 0-1

[Event "2016 Alberta Seniors"]
[Site "Calgary"]
[Date "2016.04.23"]
[Round "2.2"]
[White "Booker, Brad"]
[Black "Usselman, Paul"]
[Result "1-0"]
[WhiteElo "2088"]
[BlackElo "1865"]
[PlyCount "37"]
[EventDate "2016.04.23"]
[EventType "swiss"]
[EventRounds "5"]
[EventCountry "CAN"]

1. e4 c5 2. Nf3 a6 3. d3 Nc6 4. g3 d6 5. Bg2 g6 6. O-O Bg7 7. Nbd2 e6 8. a4
Nge7 9. c3 O-O 10. Qe2 e5 11. Nc4 b6 12. Bd2 h6 13. Nh4 Be6 14. f4 d5 15. Nxe5
dxe4 16. Nxc6 Nxc6 17. Qxe4 Rc8 18. f5 Bd7 19. f6 1-0

[Event "2016 Alberta Seniors"]
[Site "Calgary"]
[Date "2014.04.23"]
[Round "2.3"]
[White "Aspler, Gerald"]
[Black "Daniluk, Jim"]
[Result "1/2-1/2"]
[WhiteElo "1855"]
[BlackElo "1927"]
[PlyCount "33"]
[EventDate "2016.04.23"]
[EventType "swiss"]
[EventRounds "5"]
[EventCountry "CAN"]

1. Nf3 Nf6 2. d4 g6 3. c4 Bg7 4. Nc3 d5 5. cxd5 Nxd5 6. e3 O-O 7. Be2 c5 8. O-O
Nc6 9. Qb3 Nxc3 10. bxc3 cxd4 11. cxd4 e5 12. Ba3 Re8 13. dxe5 Nxe5 14. Rfd1
Qb6 15. Nxe5 Bxe5 16. Rac1 Be6 17. Bc4 1/2-1/2

[Event "2016 Alberta Seniors"]
[Site "Calgary"]
[Date "2016.04.23"]
[Round "2.4"]
[White "Findlay, Ian"]
[Black "Milne, Arthur"]
[Result "1-0"]
[WhiteElo "2293"]
[BlackElo "1759"]
[PlyCount "31"]
[EventDate "2016.04.23"]
[EventType "swiss"]
[EventRounds "5"]
[EventCountry "CAN"]

1. e4 e6 2. d4 d5 3. Nd2 dxe4 4. Nxe4 Nf6 5. Nxf6+ gxf6 6. Nf3 Bd6 7. Bh6 Nd7
8. Qd2 Nf8 9. Bg7 Rg8 10. Qh6 Be7 11. Bd3 Bd7 12. Bxh7 Rxg7 13. Qxg7 c5 14. Bg8
Qa5+ 15. c3 O-O-O 16. O-O 1-0

[Event "2016 Alberta Seniors"]
[Site "Calgary"]
[Date "2016.04.23"]
[Round "2.5"]
[White "Kluytmans, Frank"]
[Black "Marshall, Jim"]
[Result "0-1"]
[WhiteElo "1686"]
[BlackElo "1606"]
[PlyCount "74"]
[EventDate "2016.04.23"]
[EventType "swiss"]
[EventRounds "5"]
[EventCountry "CAN"]

1. e4 c5 2. Nf3 d6 3. d4 cxd4 4. Nxd4 Nf6 5. Nc3 a6 6. Bc4 e6 7. Bb3 Be7 8. O-O
Nc6 9. Be3 Na5 10. Qe2 Nxb3 11. Nxb3 b5 12. f3 Bb7 13. Rad1 Qc7 14. g4 h6 15.
a3 Rc8 16. Rd2 d5 17. exd5 Nxd5 18. Nxd5 Bxd5 19. Qf2 Bd6 20. Nd4 Bf4 21. Re1
g5 22. Bxf4 Qxf4 23. Nxb5 O-O 24. Nd4 Rfd8 25. Red1 Qc7 26. c3 Rb8 27. Qe3 Rdc8
28. Kg2 Rb6 29. h4 f6 30. hxg5 hxg5 31. Qd3 Qh7 32. Qxh7+ Kxh7 33. Rh1+ Kg7 34.
Kg3 Rh8 35. Rxh8 Kxh8 36. f4 gxf4+ 37. Kxf4 e5+ 0-1

[Event "2016 Alberta Seniors"]
[Site "Calgary"]
[Date "2016.04.23"]
[Round "2.6"]
[White "Berndtsson, Kurt"]
[Black "Sklenka, Steve"]
[Result "0-1"]
[WhiteElo "1298"]
[BlackElo "1641"]
[PlyCount "92"]
[EventDate "2016.04.23"]
[EventType "swiss"]
[EventRounds "5"]
[EventCountry "CAN"]

1. e4 c5 2. Nc3 d6 3. f4 g6 4. Nf3 Bg7 5. Bc4 Nf6 6. O-O O-O 7. Qe1 a6 8. a3 b5
9. Ba2 Bb7 10. f5 b4 11. Nd5 Nxd5 12. Bxd5 Bxd5 13. exd5 Nd7 14. c3 bxa3 15.
Rxa3 Ne5 16. Nxe5 Bxe5 17. d4 cxd4 18. Bh6 Bg7 19. Bxg7 Kxg7 20. cxd4 Qb6 21.
Qd2 Qb5 22. Raf3 Qxd5 23. f6+ exf6 24. Rxf6 Rab8 25. h3 Rfe8 26. R6f4 Re4 27.
Rxe4 Qxe4 28. d5 Re8 29. Rf4 Qe1+ 30. Qxe1 Rxe1+ 31. Kh2 Rd1 32. Ra4 Rxd5 33.
Rxa6 Kf6 34. Ra1 Rb5 35. Rb1 d5 36. Kg1 d4 37. Kf1 Ke6 38. b4 f5 39. Rb3 Kd5
40. Ke2 Kc4 41. Rb1 Rxb4 42. Rc1+ Kd5 43. Rd1 Ke4 44. Rd3 Rb2+ 45. Rd2 d3+ 46.
Kd1 Rb1# 0-1

[Event "2016 Alberta Seniors"]
[Site "Calgary"]
[Date "2016.04.23"]
[Round "2.8"]
[White "Viminitz, Paul"]
[Black "Labute, Gerard"]
[Result "1-0"]
[WhiteElo "1526"]
[BlackElo "1107"]
[PlyCount "65"]
[EventDate "2016.04.23"]
[EventType "swiss"]
[EventRounds "5"]
[EventCountry "CAN"]

1. Nf3 d5 2. g3 Nc6 3. Bg2 e5 4. d3 Nf6 5. O-O Be7 6. b3 O-O 7. Bb2 d4 8. Nbd2
Be6 9. Rc1 Qc8 10. c4 a5 11. Ng5 Bd7 12. Nge4 Bh3 13. Nxf6+ Bxf6 14. Ne4 Be7
15. e3 Bxg2 16. Kxg2 Bc5 17. Nxc5 b6 18. Ne4 f5 19. Ng5 h6 20. Nf3 Qb7 21. Kg1
Rad8 22. exd4 exd4 23. Re1 Qc8 24. Ne5 Nxe5 25. Rxe5 c5 26. Qf3 Rde8 27. Rce1
Rxe5 28. Rxe5 g5 29. Bc1 g4 30. Qd5+ Kh7 31. Re7+ Kh8 32. Qe5+ Kg8 33. Qg7# 1-0

[Event "2016 Alberta Seniors"]
[Site "Calgary"]
[Date "2016.04.23"]
[Round "3.1"]
[White "Peter, Steven"]
[Black "Booker, Brad"]
[Result "1/2-1/2"]
[WhiteElo "2229"]
[BlackElo "2088"]
[PlyCount "45"]
[EventDate "2016.04.23"]
[EventType "swiss"]
[EventRounds "5"]
[EventCountry "CAN"]

1. e4 c6 2. d4 d5 3. Nc3 dxe4 4. Nxe4 Nf6 5. Nxf6+ exf6 6. c3 Bd6 7. Bd3 Be6 8.
Ne2 Qe7 9. h3 Nd7 10. O-O O-O 11. Qc2 g6 12. c4 b6 13. b3 Rfe8 14. Nc3 Nf8 15.
Be4 Rac8 16. d5 cxd5 17. Nxd5 Bxd5 18. Bxd5 Be5 19. Bb2 Ne6 20. Rad1 Nf4 21.
Bf3 Rcd8 22. Bc1 Ne6 23. Be3 1/2-1/2

[Event "2016 Alberta Seniors"]
[Site "Calgary"]
[Date "2016.04.23"]
[Round "3.2"]
[White "Marshall, Jim"]
[Black "Findlay, Ian"]
[Result "0-1"]
[WhiteElo "1602"]
[BlackElo "2293"]
[PlyCount "70"]
[EventDate "2016.04.23"]
[EventType "swiss"]
[EventRounds "5"]
[EventCountry "CAN"]

1. b3 e5 2. Bb2 d6 3. e3 Nf6 4. Nf3 g6 5. Qc1 Bg7 6. g3 O-O 7. Bg2 Nc6 8. O-O
Re8 9. d3 d5 10. Nbd2 Bf5 11. Nh4 Be6 12. Nhf3 Bf5 13. Nh4 Bd7 14. Nhf3 a5 15.
a3 Qc8 16. d4 e4 17. Ne5 Nxe5 18. dxe5 Ng4 19. f4 Nxe3 20. Rf2 Ng4 21. Re2 f5
22. h3 Nh6 23. Nf1 c5 24. Ne3 Be6 25. c4 d4 26. Nd5 Qd8 27. Nf6+ Bxf6 28. exf6
Qxf6 29. g4 Nf7 30. g5 Qd8 31. Qe1 Nd6 32. Rd1 Qc7 33. Qf2 h5 34. Rxd4 cxd4 35.
Qxd4 Kh7 0-1

[Event "2016 Alberta Seniors"]
[Site "Calgary"]
[Date "2016.04.23"]
[Round "3.3"]
[White "Sklenka, Steve"]
[Black "Bentley, Bill"]
[Result "1/2-1/2"]
[WhiteElo "1641"]
[BlackElo "1886"]
[PlyCount "77"]
[EventDate "2016.04.23"]
[EventType "swiss"]
[EventRounds "5"]
[EventCountry "CAN"]

1. e4 e6 2. Qe2 Be7 3. Nf3 d5 4. d3 Nf6 5. g3 O-O 6. Bg2 b6 7. O-O Nc6 8. e5
Nd7 9. d4 a5 10. Re1 Ba6 11. Qd1 Ncb8 12. Be3 c5 13. c3 Nc6 14. Qa4 b5 15. Qc2
c4 16. Nfd2 b4 17. f4 Nb6 18. Rf1 Bc8 19. Bh3 a4 20. Qd1 a3 21. bxa3 bxa3 22.
Nf3 Na4 23. Qc1 Nb2 24. Ne1 Rb8 25. f5 exf5 26. Bxf5 Bxf5 27. Rxf5 Qb6 28. Nd2
Qa6 29. Rf2 Na5 30. Rb1 Rb7 31. Ndf3 Rfb8 32. Qc2 h6 33. Qf5 Qe6 34. Qc2 Qd7
35. Bf4 g5 36. e6 Qxe6 37. Bxb8 Rxb8 38. Qe2 Qg6 39. Qc2 1/2-1/2

[Event "2016 Alberta Seniors"]
[Site "Calgary"]
[Date "2016.04.23"]
[Round "3.4"]
[White "Milne, Arthur"]
[Black "Viminitz, Paul"]
[Result "1-0"]
[WhiteElo "1759"]
[BlackElo "1526"]
[PlyCount "53"]
[EventDate "2016.04.23"]
[EventType "swiss"]
[EventRounds "5"]
[EventCountry "CAN"]

1. c4 Nf6 2. Nc3 g6 3. g3 Bg7 4. Bg2 O-O 5. Nf3 d6 6. O-O c6 7. d3 b6 8. Rb1
Bb7 9. b4 Nbd7 10. b5 c5 11. e4 Ne8 12. Qc2 Nc7 13. Bb2 e5 14. Nd5 Nxd5 15.
cxd5 f5 16. Bc1 f4 17. h4 h5 18. Bh3 Bc8 19. Be6+ Kh7 20. Kg2 fxg3 21. fxg3 Nf6
22. Bxc8 Qxc8 23. Nh2 Ng4 24. Rxf8 Bxf8 25. Qe2 Nxh2 26. Kxh2 a6 27. Qb2 1-0

[Event "2016 Alberta Seniors"]
[Site "Calgary"]
[Date "2016.04.23"]
[Round "3.5"]
[White "Stacey, George"]
[Black "Knoll, Frank"]
[Result "1-0"]
[WhiteElo "969"]
[BlackElo "1654"]
[PlyCount "52"]
[EventDate "2016.04.23"]
[EventType "swiss"]
[EventRounds "5"]
[EventCountry "CAN"]

1. d4 d5 2. Bf4 Bf5 3. e3 Nf6 4. Nd2 e6 5. h3 h6 6. Ngf3 Nbd7 7. Be2 c5 8. c3
c4 9. b3 b5 10. b4 Bh7 11. Ne5 Nb6 12. O-O Qc8 13. Qc1 a5 14. a3 Be7 15. Re1
Ne4 16. Nxe4 dxe4 17. f3 f6 18. Ng4 Qb7 19. Nf2 f5 20. fxe4 fxe4 21. Be5 O-O
22. Bg4 Bf5 23. Rf1 Nd5 24. Bd1 Bg5 25. Bf4 Be7 26. Bc2 Nxc3 1-0

[Event "2016 Alberta Seniors"]
[Site "Calgary"]
[Date "2016.04.24"]
[Round "4.1"]
[White "Findlay, Ian"]
[Black "Peter, Steven"]
[Result "1-0"]
[WhiteElo "2293"]
[BlackElo "2229"]
[PlyCount "55"]
[EventDate "2016.04.23"]
[EventType "swiss"]
[EventRounds "5"]
[EventCountry "CAN"]

1. e4 c5 2. Nf3 e6 3. d4 cxd4 4. Nxd4 Nf6 5. Nc3 d6 6. f4 a6 7. Qf3 Qc7 8. Be3
b5 9. Bd3 Bb7 10. g4 b4 11. Nce2 d5 12. e5 Nfd7 13. O-O-O Nc6 14. Nxc6 Qxc6 15.
Nd4 Qc7 16. Kb1 Rc8 17. h4 Bc5 18. h5 O-O 19. g5 Bxd4 20. Bxd4 Nc5 21. Bxc5
Qxc5 22. f5 Qc7 23. Qf4 exf5 24. Qxf5 g6 25. Qh3 d4 26. Rh2 Qe7 27. hxg6 fxg6
28. Bxg6 1-0

[Event "2016 Alberta Seniors"]
[Site "Calgary"]
[Date "2016.04.24"]
[Round "4.2"]
[White "Booker, Brad"]
[Black "Aspler, Gerald"]
[Result "1-0"]
[WhiteElo "2229"]
[BlackElo "1855"]
[PlyCount "62"]
[EventDate "2016.04.23"]
[EventType "swiss"]
[EventRounds "5"]
[EventCountry "CAN"]

1. e4 c5 2. Nf3 e6 3. d3 Nc6 4. g3 d6 5. Bg2 Nf6 6. O-O Be7 7. Nbd2 O-O 8. a4
Rb8 9. Qe2 e5 10. Nc4 Bg4 11. c3 Qd7 12. Re1 h6 13. Qc2 Rfc8 14. Ne3 Be6 15.
Nh4 Nh7 16. Nef5 Bg5 17. f4 exf4 18. gxf4 Bf6 19. Qf2 Kh8 20. Ne3 Bxh4 21. Qxh4
f5 22. exf5 Bxf5 23. Nxf5 Qxf5 24. Be4 Qf6 25. Qg4 Rf8 26. Re3 Qf7 27. Bg6 Nf6
28. Qg2 Qd5 29. Be4 Qg8 30. Qc2 Nd5 31. Rg3 Rf6 1-0

[Event "2016 Alberta Seniors"]
[Site "Calgary"]
[Date "2016.04.24"]
[Round "4.4"]
[White "Bentley, Bill"]
[Black "Marshall, Jim"]
[Result "1/2-1/2"]
[WhiteElo "1886"]
[BlackElo "1608"]
[PlyCount "49"]
[EventDate "2016.04.23"]
[EventType "swiss"]
[EventRounds "5"]
[EventCountry "CAN"]

1. d4 Nf6 2. Nf3 g6 3. c4 Bg7 4. Nc3 d5 5. e3 O-O 6. Qb3 dxc4 7. Bxc4 a6 8. a4
Nc6 9. a5 e6 10. O-O b5 11. axb6 cxb6 12. Be2 b5 13. Bd2 Bb7 14. Rfc1 Rc8 15.
Na4 Na5 16. Bxa5 Rxc1+ 17. Rxc1 Qxa5 18. Nc5 Rc8 19. Qd1 Qb6 20. Nxb7 Qxb7 21.
Ne5 Ne8 22. Bf3 Rxc1 23. Qxc1 Qc7 24. Qxc7 Nxc7 25. Nd3 1/2-1/2

[Event "2016 Alberta Seniors"]
[Site "Calgary"]
[Date "2016.04.24"]
[Round "4.5"]
[White "Usselman, Paul"]
[Black "Sklenka, Steve"]
[Result "1-0"]
[WhiteElo "1865"]
[BlackElo "1641"]
[PlyCount "50"]
[EventDate "2016.04.23"]
[EventType "swiss"]
[EventRounds "5"]
[EventCountry "CAN"]

1. Nf3 Nf6 2. c4 c5 3. Nc3 e6 4. g3 g6 5. Bg2 Bg7 6. O-O O-O 7. d4 cxd4 8. Nxd4
Qc7 9. Ndb5 Qxc4 10. b3 Qc5 11. Ba3 Qb6 12. Bxf8 Kxf8 13. Rc1 Nc6 14. Qd6+ Kg8
15. a4 Bf8 16. Qf4 Nh5 17. Qc7 Qxc7 18. Nxc7 Rb8 19. e4 a6 20. Rcd1 Bb4 21. Na2
Ba5 22. Ne8 Kf8 23. Nd6 Ke7 24. f4 Bb6+ 25. Kh1 Ba7 1-0

[Event "2016 Alberta Seniors"]
[Site "Calgary"]
[Date "2016.04.24"]
[Round "5.1"]
[White "Booker, Brad"]
[Black "Findlay, Ian"]
[Result "1/2-1/2"]
[WhiteElo "2229"]
[BlackElo "2293"]
[PlyCount "60"]
[EventDate "2016.04.23"]
[EventType "swiss"]
[EventRounds "5"]
[EventCountry "CAN"]

1. e4 c5 2. Nf3 d6 3. Bb5+ Nd7 4. c3 Ngf6 5. Qe2 a6 6. Bd3 g6 7. Bc2 Bg7 8. d4
e5 9. O-O O-O 10. dxe5 dxe5 11. Nbd2 b5 12. Rd1 Bb7 13. Nf1 Qc7 14. Bg5 c4 15.
Ne1 Nc5 16. f3 Ne6 17. Be3 Rfd8 18. Qf2 Bf8 19. Kh1 Bc5 20. g3 Kg7 21. Qe2 Bxe3
22. Nxe3 Qc5 23. N3g2 h5 24. Rxd8 Rxd8 25. Rd1 Rd6 26. Rd2 Ng5 27. Nh4 Kf8 28.
Rd1 Ke7 29. Kg2 Nd7 30. Qf2 Ne6 1/2-1/2

[Event "2016 Alberta Seniors"]
[Site "Calgary"]
[Date "2016.04.24"]
[Round "5.2"]
[White "Peter, Steven"]
[Black "Daniluk, Jim"]
[Result "1/2-1/2"]
[WhiteElo "2220"]
[BlackElo "1927"]
[PlyCount "56"]
[EventDate "2016.04.23"]
[EventType "swiss"]
[EventRounds "5"]
[EventCountry "CAN"]

1. c4 e5 2. Nc3 Nf6 3. Nf3 e4 4. Ng5 b5 5. g3 e3 6. Bg2 exf2+ 7. Kf1 c6 8. cxb5
d5 9. bxc6 Nxc6 10. d4 h6 11. Nh3 Qb6 12. Nf4 Qxd4 13. Qxd4 Nxd4 14. Nfxd5 Nxd5
15. Bxd5 Bh3+ 16. Kxf2 Rd8 17. Bf4 Bc5 18. e3 O-O 19. Rad1 Ne6 20. Na4 Nxf4 21.
gxf4 Be7 22. Bf3 Be6 23. b3 Rc8 24. Rc1 Ba3 25. Rxc8 Rxc8 26. Be4 f5 27. Bd3
Bd7 28. Rb1 g6 1/2-1/2

[Event "2016 Alberta Seniors"]
[Site "Calgary"]
[Date "2016.04.24"]
[Round "5.3"]
[White "Aspler, Gerald"]
[Black "Usselman, Paul"]
[Result "1-0"]
[WhiteElo "1855"]
[BlackElo "1865"]
[PlyCount "57"]
[EventDate "2016.04.23"]
[EventType "swiss"]
[EventRounds "5"]
[EventCountry "CAN"]

1. Nf3 c5 2. c4 Nc6 3. g3 g6 4. Bg2 Bg7 5. O-O e6 6. e4 Nge7 7. Nc3 d6 8. d3
O-O 9. Be3 a6 10. Rb1 Nd4 11. Ne2 Nec6 12. a3 h6 13. b4 b6 14. Bxd4 cxd4 15. b5
axb5 16. cxb5 Ne5 17. a4 Nxf3+ 18. Bxf3 e5 19. Bg2 Bb7 20. Qb3 Qd7 21. f4 Kh7
22. f5 gxf5 23. Rxf5 d5 24. Rbf1 dxe4 25. Rxf7 Rxf7 26. Rxf7 Qd5 27. Bxe4+ Qxe4
28. dxe4 Bxe4 29. Qe6 1-0

[Event "2016 Alberta Seniors"]
[Site "Calgary"]
[Date "2016.04.24"]
[Round "5.4"]
[White "Usselman, Paul"]
[Black "Sklenka, Steve"]
[Result "1-0"]
[WhiteElo "1865"]
[BlackElo "1641"]
[PlyCount "101"]
[EventDate "2016.04.23"]
[EventType "swiss"]
[EventRounds "5"]
[EventCountry "CAN"]

1. Nf3 Nf6 2. c4 c5 3. Nc3 e6 4. g3 g6 5. Bg2 Bg7 6. O-O O-O 7. d4 cxd4 8. Nxd4
Qc7 9. Ndb5 Qxc4 10. b3 Qc5 11. Ba3 Qb6 12. Bxf8 Kxf8 13. Rc1 Nc6 14. Qd6+ Kg8
15. a4 Bf8 16. Qf4 Nh5 17. Qc7 Qxc7 18. Nxc7 Rb8 19. e4 a6 20. Rcd1 Bb4 21. Na2
Ba5 22. Ne8 Kf8 23. Nd6 Ke7 24. f4 Bb6+ 25. Kh1 Nd4 26. Nc4 Ba7 27. g4 Nf6 28.
h3 Nxb3 29. a5 Nd4 30. Rfe1 Nc6 31. Nc3 Bf2 32. Rf1 Bd4 33. Na4 Ne8 34. e5 Ba7
35. Kh2 Nc7 36. Nab6 Bxb6 37. axb6 Nb5 38. Rf3 Nbd4 39. Re3 Nc2 40. Red3 N2b4
41. R3d2 d5 42. exd6+ Kd7 43. g5 a5 44. Rc1 a4 45. Ne5+ Nxe5 46. Rc7+ Kd8 47.
fxe5 Bd7 48. Rf2 Na6 49. Rxf7 Be8 50. Rf8 a3 51. Re7 1-0